|
|
|
|
| LEADER |
00000cam a2200000 7i4500 |
| 001 |
0000018939 |
| 005 |
20241101.0 |
| 008 |
200528 nyua eng |
| 020 |
|
|
|a 9781845420277
|
| 040 |
|
|
|a INS
|b eng
|e rda
|
| 090 |
0 |
0 |
|a HT391
|b R44 2006
|
| 245 |
0 |
0 |
|a Regional planning
|c edited by David A. Plane [and three others]
|
| 264 |
|
1 |
|a Northampton, Mass. :
|b Edward Elgar
|c 2006
|
| 300 |
|
|
|a xvii, 691 pages :
|b illustrations ;
|c 25 cm.
|
| 336 |
|
|
|a text
|2 rdacontent
|
| 337 |
|
|
|a unmediated
|2 rdamedia
|
| 338 |
|
|
|a volume
|2 rdacarrier
|
| 490 |
0 |
|
|a Classics in planning 4
|
| 504 |
|
|
|a Includes bibliographical references and index
|
| 505 |
0 |
|
|a The state-of-the-art and evolution of the epistemology and practice of regional science, regional policy and regional planning -- Advances in the theory of regional development processes -- Neo-modern perspectives on regional policy and policy evaluation -- Neo-modern regional planning practice: cases
|
| 650 |
|
0 |
|a Regional planning
|
| 700 |
1 |
|
|a Button, Kenneth ,
|e author
|
| 700 |
1 |
|
|a Mann, Lawrence D. ,
|e author
|
| 700 |
1 |
|
|a Nijkamp, Peter ,
|e author
|
| 700 |
1 |
|
|a Plane, David a. ,
|e author
|
| 999 |
|
|
|a 1000003925
|b BOOK
|c Open Shelf
|e Default branch
|